| 000 | 00756cam a2200241 i 4500 | ||
|---|---|---|---|
| 005 | 20260322212003.0 | ||
| 008 | data | ||
| 010 | _a 80022661 | ||
| 020 |
_a0671255835 : _c{dollar}15.95 |
||
| 020 |
_a9780671255831 : _c{dollar}15.95 |
||
| 040 |
_aDLC _cDLC _dDLC |
||
| 050 | 0 | 0 |
_aML420.C18 _bS7 |
| 082 | 0 | 0 |
_aB _aB _219 |
| 100 | 1 |
_aHuffington, Arianna Stassinopoulos, _d1950- |
|
| 245 | 1 | 0 |
_aMaria Callas, the woman behind the legend / _cArianna Stassinopoulos Huffington. |
| 260 |
_aNew York : _bSimon and Schuster, _cc1981. |
||
| 300 |
_a383 p., [16] leaves of plates : _bill. ; _c24 cm. |
||
| 500 | _aIncludes index. | ||
| 504 | _aBibliography: p. 359-367. | ||
| 600 | 1 | 0 |
_aCallas, Maria, _d1923-1977. |
| 650 | 0 |
_aSopranos (Singers) _xBiography. |
|
| 001 | data | ||
| 999 |
_c27 _d27 |
||